000 00505nam a2200181Ia 4500
003 OSt
005 20200820100216.0
008 190216s9999||||xx |||||||||||||| ||und||
020 _a8187224096
040 _coclc
082 _a541.3
_bRAJ/A
100 _aRaj, Gurdeep
_94139
245 0 _aAdvanced Physical Chemistry /
_cGurdeep Raj
260 _bGoel Publishing House,
_c2002.
_aMeerut:
300 _a1474p
650 _aChemistry
942 _cBK
_2ddc
_h541.3
_iRAJ/A
_k541.3
_mRAJ/A
999 _c3001
_d3001